Templársky meč

Bibliographic Details
Main Author: Christopher, Paul, 1949- (Author)
Other Authors: Ondrušová, Nika (Translator)
Format: Book
Language:Slovak
English
PhysicalDescription:319 s. 21 cm
Published: [Bratislava] Remedium [2012]
ISBN:9788089230600
Edition:[1. vyd.]
Subjects:

MARC

LEADER 00000cam a2200000 a 4500
001 vtls010474734
003 SK-MaSNL
005 20260301033538.0
008 240314s2012 xo g 000 f slo
015 |a SNBA2013/10 
020 |a 9788089230600  |q (viaz.) 
035 |a 94BDF369-EDD3-4DB6-AA09-C35586A04305 
035 |a urn:nbn:sk:snk-amkbkv 
035 |a urn:nbn:sk:snk-am008inx 
040 |a SNK  |b slo  |c SNK  |e AACR2 
041 1 |a slo  |h eng 
044 |a xo  |c SK 
072 7 |a 821.111-3  |x Anglická próza, anglicky písaná  |2 konspekt 
080 |a 27-788.435  |2 2001 
080 |a 821.111(71)-31  |2 2001 
080 |a (0:82-312.4)  |2 2001 
100 1 |a Christopher, Paul,  |d 1949-  |4 aut  |9 332840 
240 1 4 |a The Sword of the Templars  |l Slovensky 
245 1 0 |a Templársky meč  |c Paul Christopher ; [preklad Nika Ondrušová] 
250 |a [1. vyd.] 
260 |a [Bratislava]  |b Remedium  |c [2012] 
300 |a 319 s.  |c 21 cm 
500 |a Vlastným menom Christopher Hyde 
500 |a Miesto vyd. podľa ISBN 
650 0 7 |a templári  |2 SNKPH  |9 85932 
650 0 7 |a Templars  |2 SNKPH  |9 332841 
655 7 |a kanadské romány (anglicky)  |2 SNKPH  |9 70623 
655 7 |a Canadian fiction (English)  |2 SNKPHeng  |9 287561 
655 7 |a Thrillers (novels)  |2 SNKPHeng  |9 310918 
655 7 |a trilery (romány)  |2 SNKPH  |9 151146 
700 1 |a Ondrušová, Nika  |4 trl  |9 332842 
852 |a Štátna vedecká knižnica v Banskej Bystrici 
919 |a 978-80-89230-60-0 
958 |a LX 
958 |a UP 
968 |b ENG 
999 |c 580249  |d 582179 
952 |a SNK  |b SNK  |y PREZ  |7 0  |p 17A1080910  |o snkSC 155635  |i snk2013/18403  |8 0  |0 0  |1 0  |4 0  |d 2013-08-07  |l 0  |r 2025-07-25 00:00:00  |w 2026-02-23 
952 |a SNK  |b SNK  |y PREZ  |7 0  |p 17A1091625  |o snkSC 155635 D1  |i snk2013/26524  |8 0  |0 0  |1 0  |4 0  |d 2013-10-31  |f 1  |l 0  |r 2026-02-23 14:48:15  |w 2026-02-23